书目信息 |
| 题名: |
百川横流
|
|
| 作者: | 张诗亚 主编 | |
| 分册: | ||
| 出版信息: | 桂林 广西师范大学出版社 2007 |
|
| 页数: | 396页, [6] 页图版 | |
| 开本: | 24cm | |
| 丛书名: | ||
| 单 册: | ||
| 中图分类: | G75-53 | |
| 科图分类: | ||
| 主题词: | 少数民族教育--shao shu min zu jiao yu--国际学术会议--文集 | |
| 电子资源: | ||
| ISBN: | 978-7-5633-6479-4 | |
| 000 | 00941nam0 2200253 450 | |
| 001 | 1237291157 | |
| 005 | 20121007102200.51 | |
| 010 | @a978-7-5633-6479-4@dCNY36.80 | |
| 099 | @aCAL 012007162232 | |
| 100 | @a20071205d2007 ekmy0chiy0121 ea | |
| 101 | 0 | @achi |
| 102 | @aCN@b450000 | |
| 105 | @aafk a 100yy | |
| 200 | 1 | @a百川横流@Abai chuan heng liu@e全球化背景下的多元文化教育国际论坛文集@f主编张诗亚 |
| 210 | @a桂林@c广西师范大学出版社@d2007 | |
| 215 | @a396页, [6] 页图版@c图 (部分彩图)@d24cm | |
| 300 | @a教育部人文社会科学百所重点研究基地, 西南大学西南民族教育与心理研究中心 | |
| 320 | @a有书目 | |
| 517 | 1 | @a全球化背景下的多元文化教育国际论坛文集@Aquan qiu hua bei jing xia de duo yuan wen hua jiao yu guo ji lun tan wen ji |
| 606 | 0 | @a少数民族教育@Ashao shu min zu jiao yu@x国际学术会议@j文集 |
| 690 | @aG75-53@v4 | |
| 701 | 0 | @a张诗亚@Azhang shi ya@4主编 |
| 801 | 0 | @aCN@bNLC@c20101222 |
| 905 | @a10447@dG75-53@eJY154 | |
| 百川横流:全球化背景下的多元文化教育国际论坛文集/主编张诗亚.-桂林:广西师范大学出版社,2007 |
| 396页, [6] 页图版:图 (部分彩图);24cm |
| 教育部人文社会科学百所重点研究基地, 西南大学西南民族教育与心理研究中心 |
| ISBN 978-7-5633-6479-4:CNY36.80 |
| ● |
| 相关链接 |
|
|
|
|
正题名:百川横流
索取号:G75-53/JY154
 
预约/预借
| 序号 | 登录号 | 条形码 | 馆藏地/架位号 | 状态 | 备注 |
| 1 | 7828234 | 278282341 | 学院路分馆/ [索取号:G75-53/JY154] | 在馆 | |
| 2 | 7828235 | 278282350 | 学院路分馆/ [索取号:G75-53/JY154] | 在馆 |